000 00486nam a2200193Ia 4500
005 20240823032452.0
008 240823s9999||||xx |||||||||||||| ||und||
020 _a978-81-8014-171-3
041 _aENGLISH
082 _A629.2 Q1
100 _aKirpal Singh
245 0 _aAutomobile Engineering Vol : I
250 _a12th
260 _c2011
_b"Standard Publihers Distributors,"
500 _aYES
650 _aAutomobile
_bAutomobile Engineering
942 _cBK
999 _c193512
_d193512